[Event "Championnat de France - Open B"]
[Site "NANCY"]
[Date "2013.08.14"]
[Round "3.10"]
[White "Malassagne, Jerome"]
[Black "Roussel, Glenn"]
[Result "0-1"]
[WhiteElo "1777"]
[BlackElo "1926"]
[PlyCount "40"]
[EventDate "2013.??.??"]

1. Nf3 Nf6 2. d4 c5 3. e3 cxd4 4. exd4 g6 5. b3 Bg7 6. Bb2 d5 7. Bd3 O-O 8.
Nbd2 Nc6 9. a3 Nd7 10. c3 e5 11. dxe5 Ndxe5 12. Bc2 Nxf3+ 13. Nxf3 Re8+ 14. Kf1
Ne5 15. Nd4 b6 16. h4 Ng4 17. h5 Be5 18. Kg1 Qe7 19. g3 Bxg3 20. hxg6 Bxf2+ 0-1

[Event "Championnat de France - Open B"]
[Site "NANCY"]
[Date "2013.08.15"]
[Round "4.1"]
[White "Bellahcene, Rayane"]
[Black "Venard, Paul-Andre"]
[Result "1-0"]
[WhiteElo "1989"]
[BlackElo "1933"]
[PlyCount "54"]
[EventDate "2013.??.??"]

1. d4 e6 2. Nf3 Nf6 3. c4 c5 4. g3 cxd4 5. Nxd4 d5 6. Bg2 e5 7. Nf3 d4 8. O-O
Nc6 9. e3 Bc5 10. exd4 exd4 11. Re1+ Be6 12. Ng5 O-O 13. Nxe6 fxe6 14. Rxe6 Qb6
15. b4 Bxb4 16. Bxc6 bxc6 17. Qb3 Nd7 18. Re2 Nc5 19. Qd1 d3 20. Rb2 d2 21.
Nxd2 Nd3 22. c5 Qxc5 23. Qb3+ Kh8 24. Ne4 Qd4 25. Ng5 Rxf2 26. Rxf2 Qxf2+ 27.
Kh1 Qf1# 1-0

[Event "Championnat de France - Open B"]
[Site "NANCY"]
[Date "2013.08.15"]
[Round "4.2"]
[White "Bornhauser, Eric"]
[Black "Merenciano, Alexandre"]
[Result "0-1"]
[WhiteElo "1950"]
[BlackElo "1888"]
[PlyCount "88"]
[EventDate "2013.??.??"]

1. e4 c6 2. Nc3 d5 3. Qf3 dxe4 4. Nxe4 Nf6 5. Nxf6+ exf6 6. Bc4 Nd7 7. d4 Nb6
8. Qe2+ Be7 9. Bb3 O-O 10. Nf3 a5 11. c3 a4 12. Bc2 Re8 13. O-O Bd6 14. Qd3 g6
15. Be3 Bf5 16. Qe2 Qd7 17. c4 Bf4 18. Rfe1 Bg4 19. b3 f5 20. h3 Bh5 21. g3 Bh6
22. Kg2 f4 23. gxf4 Bxf4 24. Qf1 Bxe3 25. fxe3 Ra5 26. Ne5 Qe7 27. Qf4 Nd7 28.
Nxd7 Qxd7 29. b4 Raa8 30. a3 b5 31. Bd3 Re6 32. Rac1 Rf8 33. cxb5 cxb5 34. Rc5
Qe7 35. Rxb5 Rf6 36. Qe5 Re6 37. Qg3 Rf6 38. Re5 Qc7 39. Rc5 Qb7+ 40. Kh2 Rf3
41. Qc7 Rf2+ 42. Kg3 Qg2+ 43. Kh4 Rf3 44. Qd7 Qg3# 0-1

[Event "Championnat de France - Open B"]
[Site "NANCY"]
[Date "2013.08.15"]
[Round "4.3"]
[White "Roussel, Glenn"]
[Black "Schmit, Vincent"]
[Result "0-1"]
[WhiteElo "1926"]
[BlackElo "1979"]
[PlyCount "68"]
[EventDate "2013.??.??"]

1. d4 Nf6 2. Nc3 d5 3. Bg5 e6 4. e4 dxe4 5. Nxe4 Be7 6. Bxf6 gxf6 7. Nf3 f5 8.
Ng3 c5 9. c3 a6 10. Ne5 Nd7 11. a3 cxd4 12. cxd4 Nxe5 13. dxe5 Qa5+ 14. b4
Qxe5+ 15. Be2 f4 16. Nf1 Qe4 17. Nd2 Qg6 18. Nc4 O-O 19. Bf3 Rd8 20. Qe2 Bf6
21. Rc1 Bc3+ 22. Kf1 Bd4 23. Rd1 Qf6 24. g3 e5 25. g4 Bd7 26. Bxb7 Ra7 27. Be4
Bb5 28. Bd3 f3 29. Qa2 Qh4 30. h3 e4 31. a4 exd3 32. axb5 axb5 33. Na5 Rc7 34.
Rxd3 Rc1+ 0-1

[Event "Championnat de France - Open B"]
[Site "NANCY"]
[Date "2013.08.15"]
[Round "4.4"]
[White "Joslin, Jerome"]
[Black "Azorit, Louis"]
[Result "1-0"]
[WhiteElo "1980"]
[BlackElo "1890"]
[PlyCount "88"]
[EventDate "2013.??.??"]

1. d4 Nf6 2. c4 e6 3. Nf3 Bb4+ 4. Bd2 Bxd2+ 5. Nbxd2 d5 6. Qc2 c6 7. e4 dxe4 8.
Nxe4 Nxe4 9. Qxe4 Qa5+ 10. Nd2 Nd7 11. Bd3 Nf6 12. Qe3 O-O 13. O-O Ng4 14. Qh3
f5 15. Nb3 Qc7 16. Rae1 Rf6 17. f3 Rh6 18. Qg3 Qxg3 19. hxg3 Nf6 20. Kf2 b6 21.
Re2 Bd7 22. Rfe1 Rd8 23. Re5 Kf8 24. Bb1 Bc8 25. Rd1 Nd7 26. Re3 Nf6 27. Na1 g5
28. b4 Ng8 29. a4 Ne7 30. Ra3 e5 31. Nc2 exd4 32. Nxd4 Re8 33. Re1 c5 34. bxc5
bxc5 35. Nb5 a6 36. Nc7 Rd8 37. Rae3 Rd2+ 38. Kg1 Rd7 39. Ne6+ Ke8 40. Bxf5 Rc7
41. Ng7+ Kd8 42. Rd1+ Bd7 43. Bxd7 Rxd7 44. Rxd7+ Kxd7 1-0

[Event "Championnat de France - Open B"]
[Site "NANCY"]
[Date "2013.08.15"]
[Round "4.5"]
[White "Muller, Etienne"]
[Black "Marimoutou, Loic"]
[Result "1/2-1/2"]
[WhiteElo "1907"]
[BlackElo "1960"]
[PlyCount "45"]
[EventDate "2013.??.??"]

1. Nf3 Nf6 2. c4 g6 3. Nc3 d5 4. Qa4+ Bd7 5. Qb3 dxc4 6. Qxc4 Bg7 7. e4 O-O 8.
d4 Na6 9. e5 Be6 10. Qa4 Nd5 11. Bxa6 bxa6 12. O-O Nb6 13. Qd1 c5 14. dxc5 Nc4
15. Bg5 Re8 16. Qe2 Qc7 17. Nd4 Qxc5 18. Nxe6 fxe6 19. Na4 Qb5 20. Nc3 Qc5 21.
Na4 Qb5 22. Nc3 Qc5 23. Na4 1/2-1/2

[Event "Championnat de France - Open B"]
[Site "NANCY"]
[Date "2013.08.15"]
[Round "4.6"]
[White "Adeimi, Michel"]
[Black "Vaillant, Stephane"]
[Result "1-0"]
[WhiteElo "1949"]
[BlackElo "1911"]
[PlyCount "111"]
[EventDate "2013.??.??"]

1. e4 e6 2. Nf3 d5 3. Nc3 Nf6 4. e5 Nfd7 5. d4 c5 6. Bg5 Qb6 7. dxc5 Bxc5 8.
Qd2 Bxf2+ 9. Qxf2 Qxb2 10. Kd2 Qxa1 11. Bb5 Qxh1 12. Qc5 Qxg2+ 13. Kc1 Nc6 14.
Bxc6 Qxg5+ 15. Nxg5 bxc6 16. Qxc6 Rb8 17. Nxd5 exd5 18. e6 f6 19. exd7+ Bxd7
20. Qd6 Rb6 21. Qxd5 Rf8 22. Qa8+ Ke7 23. Qxa7 Rfb8 24. Qa3+ Ke8 25. Qe3+ Kf8
26. Qc5+ Ke8 27. Qe3+ Kf8 28. Qc5+ Ke8 29. Ne4 Rc6 30. Qh5+ Kf8 31. Qxh7 Rbc8
32. Qh8+ Kf7 33. Qh5+ Kf8 34. Kb1 Be6 35. c3 Kg8 36. a4 Rb6+ 37. Kc1 Rbc6 38.
Kd2 Rc4 39. Qg6 Bf7 40. Nxf6+ Kf8 41. Nh7+ Kg8 42. Qf5 Rxc3 43. Ng5 Rc2+ 44.
Qxc2 Rxc2+ 45. Kxc2 Bd5 46. Kd3 Kf8 47. Kd4 Bg2 48. a5 Bb7 49. Kc5 Ke7 50. Kb6
Bd5 51. Kc7 Kf6 52. Nh3 Kf5 53. a6 g5 54. a7 g4 55. Nf2 Kf4 56. Nd3+ 1-0

[Event "Championnat de France - Open B"]
[Site "NANCY"]
[Date "2013.08.15"]
[Round "4.7"]
[White "Stephanus, Joseph"]
[Black "Ronce, Nathan"]
[Result "0-1"]
[WhiteElo "1887"]
[BlackElo "1943"]
[PlyCount "26"]
[EventDate "2013.??.??"]

1. c4 c6 2. e4 d5 3. exd5 cxd5 4. cxd5 Nf6 5. Nc3 g6 6. Bb5+ Nbd7 7. Nf3 a6 8.
Qa4 Bg7 9. Ne5 axb5 10. Qxa8 Nxe5 11. O-O Nd3 12. Qa7 b4 13. Nb5 Nxd5 0-1

[Event "Championnat de France - Open B"]
[Site "NANCY"]
[Date "2013.08.15"]
[Round "4.8"]
[White "Moullier, Igor"]
[Black "Lamouille, Patrick"]
[Result "1-0"]
[WhiteElo "1936"]
[BlackElo "1885"]
[PlyCount "115"]
[EventDate "2013.??.??"]

1. c4 g6 2. g3 Bg7 3. Bg2 Nc6 4. Nc3 e5 5. e4 d6 6. Nge2 Nh6 7. d3 O-O 8. O-O
f5 9. Nd5 fxe4 10. dxe4 Be6 11. f3 Qd7 12. Be3 Kh8 13. Qd2 Ng8 14. Rf2 Rf7 15.
Raf1 Raf8 16. b4 Nce7 17. Rd1 b6 18. Nec3 h6 19. c5 Rd8 20. cxd6 cxd6 21. a3
Kh7 22. Qd3 g5 23. Rfd2 Bf8 24. Qe2 Ng6 25. Rc2 Rc8 26. Rdc1 N8e7 27. Nxe7 Bxe7
28. Nd5 Rxc2 29. Rxc2 Bxd5 30. exd5 Qf5 31. Qc4 Bd8 32. Qe4 Qxe4 33. fxe4 Rc7
34. Rxc7+ Bxc7 35. Bh3 Kg7 36. Kf2 Kf6 37. Ke2 h5 38. Bc8 g4 39. Kd3 Ne7 40.
Bb7 Kf7 41. Kc4 Ke8 42. Kb5 Kd7 43. Ka6 Bb8 44. Bg5 Bc7 45. Kxa7 Nc8+ 46. Ka6
Ne7 47. Be3 Ng8 48. Bc6+ Kc8 49. Bg5 Bd8 50. Bxd8 Kxd8 51. Kxb6 Nf6 52. Kb7
Nxe4 53. a4 Nf6 54. a5 e4 55. a6 e3 56. a7 e2 57. a8=Q+ Ke7 58. Qa1 1-0

[Event "Championnat de France - Open B"]
[Site "NANCY"]
[Date "2013.08.15"]
[Round "4.9"]
[White "Coiffait, Pierre-Basile"]
[Black "Delhaye, Xavier"]
[Result "1-0"]
[WhiteElo "1931"]
[BlackElo "1861"]
[PlyCount "117"]
[EventDate "2013.??.??"]

1. e4 c5 2. Nf3 d6 3. d4 cxd4 4. Nxd4 Nf6 5. Nc3 a6 6. Be3 e5 7. Nb3 Be6 8. h3
Be7 9. Qf3 Qc7 10. O-O-O Nc6 11. g4 h6 12. a3 O-O 13. Nd5 Bxd5 14. exd5 e4 15.
Qe2 Ne5 16. Bg2 Rfc8 17. Nd4 b5 18. Kb1 Rab8 19. Bf4 Nxd5 20. Qxe4 Nxf4 21.
Qxf4 b4 22. a4 Bg5 23. Qe4 Nc4 24. Nc6 Nd2+ 25. Rxd2 Bxd2 26. Nxb8 Rxb8 27. Rd1
Bg5 28. f4 Bf6 29. Qc6 Qxc6 30. Bxc6 Be7 31. Rd5 Rb6 32. Bd7 Rb7 33. Bc8 Ra7
34. Ra5 Bd8 35. Rxa6 Rxa6 36. Bxa6 f5 37. Ka2 Bb6 38. Kb3 Bc5 39. Bc8 fxg4 40.
hxg4 Kf7 41. c3 bxc3 42. Kxc3 Ke7 43. b4 Be3 44. f5 Kd8 45. Be6 Kc7 46. Kc4 Bd2
47. Kb5 Kb7 48. a5 Be1 49. Bd5+ Ka7 50. Ka4 Bf2 51. b5 Be3 52. b6+ Bxb6 53.
axb6+ Kxb6 54. Kb4 Kc7 55. Kb5 Kd8 56. Kc6 Ke7 57. Be6 Kf6 58. Kxd6 Kg5 59. Ke7
1-0

[Event "Championnat de France - Open B"]
[Site "NANCY"]
[Date "2013.08.15"]
[Round "4.10"]
[White "Baldi, Valentine"]
[Black "Pouchon, Joffrey"]
[Result "0-1"]
[WhiteElo "1868"]
[BlackElo "1917"]
[PlyCount "94"]
[EventDate "2013.??.??"]

1. d4 d5 2. c4 e6 3. Nc3 Nf6 4. Nf3 c6 5. e3 Nbd7 6. Bd3 dxc4 7. Bxc4 b5 8. Bd3
a6 9. e4 c5 10. d5 exd5 11. e5 Ng4 12. Nxd5 Ndxe5 13. Be4 Bb7 14. Nxe5 Nxe5 15.
Bf4 Bd6 16. Nf6+ Qxf6 17. Bxb7 Rd8 18. Bxe5 Bxe5 19. Qf3 O-O 20. O-O Qxf3 21.
gxf3 Rd6 22. Rad1 Rb6 23. Rd7 Bxb2 24. Bd5 Bf6 25. Re1 g6 26. f4 c4 27. f5 c3
28. Rc1 Kg7 29. fxg6 hxg6 30. Kf1 b4 31. Ra7 Rd6 32. Bc4 Rd2 33. Bb3 Bd4 34.
Re7 Rxf2+ 35. Ke1 Rxh2 36. Rc2 Rh1+ 37. Ke2 Bf6 38. Rb7 a5 39. Ra7 Rh2+ 40. Kd3
Rd8+ 41. Ke4 Re8+ 42. Kf3 Rxc2 43. Bxc2 Bd4 44. Rc7 Re3+ 45. Kg4 Be5 46. Rb7
Kh6 47. Rb6 f6 0-1

[Event "Championnat de France - Open B"]
[Site "NANCY"]
[Date "2013.08.16"]
[Round "5.1"]
[White "Venard, Paul-Andre"]
[Black "Merenciano, Alexandre"]
[Result "1-0"]
[WhiteElo "1933"]
[BlackElo "1888"]
[PlyCount "61"]
[EventDate "2013.??.??"]

1. d4 Nf6 2. c4 g6 3. Nf3 Bg7 4. g3 O-O 5. Bg2 d5 6. cxd5 Na6 7. O-O Nxd5 8. e4
Nb6 9. Nc3 c5 10. d5 Nc4 11. Qe2 Ne5 12. Nxe5 Bxe5 13. Be3 Qa5 14. f4 Bxc3 15.
bxc3 Qxc3 16. Rac1 Qa3 17. Qf2 b6 18. f5 f6 19. fxg6 hxg6 20. Bh6 Rf7 21. e5
Bb7 22. Qc2 f5 23. g4 Nb4 24. Qd2 f4 25. e6 Rh7 26. Qxf4 Rxh6 27. Qxh6 Nxd5 28.
Bxd5 Bxd5 29. Qxg6+ Kh8 30. Qh5+ Kg8 31. Qxd5 1-0

[Event "Championnat de France - Open B"]
[Site "NANCY"]
[Date "2013.08.16"]
[Round "5.2"]
[White "Ronce, Nathan"]
[Black "Joslin, Jerome"]
[Result "0-1"]
[WhiteElo "1943"]
[BlackElo "1980"]
[PlyCount "106"]
[EventDate "2013.??.??"]

1. c4 e5 2. g3 Nf6 3. Bg2 Nc6 4. Nc3 Bc5 5. d3 O-O 6. Nf3 d5 7. cxd5 Nxd5 8.
O-O Nb6 9. a3 a5 10. Na4 Nxa4 11. Qxa4 Bd7 12. Qc2 Bb6 13. b3 Bg4 14. Bb2 Bxf3
15. Bxf3 Nd4 16. Bxd4 Bxd4 17. Rab1 c6 18. b4 Qe7 19. e3 Bb6 20. b5 c5 21. Qc4
Rad8 22. Bd5 Rd6 23. e4 g5 24. f3 Rfd8 25. Rb2 Kg7 26. Kh1 f5 27. f4 exf4 28.
gxf4 g4 29. Qc3+ Kh6 30. Qe5 Qd7 31. Rg2 Re8 32. Qb2 Bd8 33. a4 Bf6 34. Qd2
Rxd5 35. exd5 Qxd5 36. Rd1 Qf3 37. Rc1 Bd4 38. Rd1 Be3 39. Rb1 Qxf4 40. Qe1 b6
41. Qh4+ Kg6 42. Qg3 Qxg3 43. hxg3 Rd8 44. Rd1 c4 45. Rc2 Rxd3 46. Rxd3 cxd3
47. Rc6+ Kg5 48. Rd6 d2 49. Kg2 h5 50. Rd8 h4 51. gxh4+ Kf4 52. h5 Ke4 53. Kf1
Kf3 0-1

[Event "Championnat de France - Open B"]
[Site "NANCY"]
[Date "2013.08.16"]
[Round "5.3"]
[White "Schmit, Vincent"]
[Black "Moullier, Igor"]
[Result "1/2-1/2"]
[WhiteElo "1979"]
[BlackElo "1936"]
[PlyCount "39"]
[EventDate "2013.??.??"]

1. e4 e6 2. d4 d5 3. Nd2 Be7 4. Bd3 c5 5. c3 Nc6 6. Ngf3 cxd4 7. cxd4 Qb6 8.
Nb3 a5 9. O-O a4 10. Nbd2 Nf6 11. e5 Nd7 12. Qe2 Nxd4 13. Nxd4 Qxd4 14. Nf3 Qb4
15. a3 Qb6 16. Be3 Qa5 17. Bd2 Qb6 18. Be3 Qa5 19. Bd2 Qb6 20. Be3 1/2-1/2

[Event "Championnat de France - Open B"]
[Site "NANCY"]
[Date "2013.08.16"]
[Round "5.4"]
[White "Pouchon, Joffrey"]
[Black "Adeimi, Michel"]
[Result "1-0"]
[WhiteElo "1917"]
[BlackElo "1949"]
[PlyCount "165"]
[EventDate "2013.??.??"]

1. d4 Nf6 2. Nf3 c5 3. e3 g6 4. c3 cxd4 5. exd4 Bg7 6. Be2 O-O 7. O-O b6 8. Bf4
Bb7 9. Ne5 Nc6 10. Nd2 Nd5 11. Nxc6 Bxc6 12. Bg3 f5 13. Be5 Bxe5 14. dxe5 Qc7
15. Nf3 Nf4 16. Re1 Be4 17. Qd2 Ne6 18. Rad1 Rad8 19. Nd4 Qb7 20. Bc4 Bd5 21.
Bb3 f4 22. f3 Nc5 23. Bc2 d6 24. exd6 Rxd6 25. Qe2 Bxa2 26. Ra1 Bf7 27. Nb5 Re6
28. Be4 Rxe4 29. fxe4 a6 30. Nd4 e5 31. Nf3 Qc7 32. b4 Nb3 33. Qxa6 Nxa1 34.
Qxa1 Rd8 35. h3 Rd3 36. c4 Qxc4 37. Qxe5 Qxb4 38. Rc1 Rd8 39. Qxf4 Qd6 40. e5
Qe7 41. Kh2 Bd5 42. Nd4 Re8 43. Re1 Be6 44. Nb5 Rf8 45. Qd4 Qc5 46. Qxc5 bxc5
47. Nc7 Kf7 48. Rf1+ Bf5 49. g4 Rc8 50. Nb5 Ke6 51. gxf5+ Kxe5 52. f6 Rf8 53.
f7 Ke6 54. Nc7+ Kd6 55. Nb5+ Ke7 56. Rc1 Rxf7 57. Rxc5 Rf2+ 58. Kg3 Rb2 59. Nd4
Rd2 60. Nf3 Rd7 61. Rc6 Kf8 62. Ne5 Ra7 63. Rd6 Ra3+ 64. Rd3 Ra4 65. Rd7 Ra3+
66. Kg4 h5+ 67. Kh4 g5+ 68. Kxh5 Rxh3+ 69. Kxg5 Ke8 70. Ra7 Kd8 71. Kf5 Rh5+
72. Ke6 Rh6+ 73. Kd5 Rh1 74. Nc6+ Kc8 75. Nd4 Rh5+ 76. Kd6 Rh6+ 77. Ne6 Rh1 78.
Re7 Rd1+ 79. Kc6 Rc1+ 80. Nc5 Rd1 81. Re2 Rd8 82. Ra2 Kb8 83. Nd7+ 1-0

[Event "Championnat de France - Open B"]
[Site "NANCY"]
[Date "2013.08.16"]
[Round "5.5"]
[White "Bellahcene, Rayane"]
[Black "Coiffait, Pierre-Basile"]
[Result "1/2-1/2"]
[WhiteElo "1989"]
[BlackElo "1931"]
[PlyCount "116"]
[EventDate "2013.??.??"]

1. d4 e6 2. Nf3 f5 3. h3 Nf6 4. g4 fxg4 5. hxg4 Nxg4 6. Qd3 Qf6 7. Bh3 Nh6 8.
Nc3 Bb4 9. Bxh6 gxh6 10. O-O-O Bxc3 11. Qxc3 Nc6 12. Qe3 O-O 13. Rdg1+ Kh8 14.
Bf1 Qf4 15. Qxf4 Rxf4 16. Rxh6 Rf7 17. Ng5 Rg7 18. Rf6 Rg6 19. Rf8+ Kg7 20.
Rf7+ Kg8 21. Rf4 h6 22. Nf3 Rxg1 23. Nxg1 d6 24. Nf3 Bd7 25. e3 Rf8 26. Rg4+
Kh8 27. Be2 Rf6 28. Rg2 Ne7 29. Nh4 Bc6 30. Rh2 Ng6 31. Nxg6+ Rxg6 32. Kd2 Kg7
33. f3 Bd7 34. Bd3 Rg3 35. Ke2 Bc6 36. e4 e5 37. Kf2 Rg5 38. c3 Be8 39. Rh4 Rh5
40. Rg4+ Rg5 41. Rxg5+ hxg5 42. Kg3 Kg6 43. Bf1 c5 44. d5 b6 45. Bh3 Bb5 46.
Kf2 a5 47. Ke3 Be8 48. Bg4 Kf6 49. a3 Kg6 50. b4 cxb4 51. cxb4 axb4 52. axb4
Kf6 53. Kd3 Ke7 54. Bc8 Kd8 55. Bf5 Kc7 56. Kc4 Kb7 57. Bg4 Kc7 58. Bf5 Kb7
1/2-1/2

[Event "Championnat de France - Open B"]
[Site "NANCY"]
[Date "2013.08.16"]
[Round "5.6"]
[White "Marimoutou, Loic"]
[Black "Hentzen, Fabrice"]
[Result "1-0"]
[WhiteElo "1960"]
[BlackElo "1893"]
[PlyCount "91"]
[EventDate "2013.??.??"]

1. e4 d6 2. d4 Nf6 3. Nc3 c6 4. Nf3 Bg4 5. h3 Bh5 6. Be2 e6 7. O-O d5 8. Bg5
Be7 9. e5 Nfd7 10. Bxe7 Qxe7 11. Nh2 Bxe2 12. Nxe2 c5 13. f4 g6 14. c3 Nc6 15.
Nf3 c4 16. Qe1 b5 17. a3 a5 18. g4 a4 19. Qh4 Qxh4 20. Nxh4 h5 21. Nf3 hxg4 22.
hxg4 Ne7 23. Kg2 Kf8 24. Rh1 Kg7 25. Ng5 Rag8 26. Ng3 Rxh1 27. Rxh1 Kf8 28. Kf3
Nb8 29. Nh7+ Kg7 30. Nf6 Rh8 31. Rxh8 Kxh8 32. Ne8 Kg8 33. Nc7 Nd7 34. Nxb5 Nc8
35. Nc7 Kf8 36. f5 Ke7 37. Kf4 Nf8 38. Kg5 gxf5 39. gxf5 Nb6 40. Nb5 Nc8 41.
Nh5 Nd7 42. Nf4 Nf8 43. Nc7 Kd7 44. Na6 Ke7 45. Nc5 Nb6 46. fxe6 1-0

[Event "Championnat de France - Open B"]
[Site "NANCY"]
[Date "2013.08.16"]
[Round "5.7"]
[White "Graton, Tanguy"]
[Black "Bornhauser, Eric"]
[Result "0-1"]
[WhiteElo "1893"]
[BlackElo "1950"]
[PlyCount "154"]
[EventDate "2013.??.??"]

1. e4 b6 2. d4 Bb7 3. Bd3 e6 4. Nf3 c5 5. O-O cxd4 6. Nxd4 Bc5 7. Nb3 Be7 8. c4
d6 9. Nc3 Nf6 10. Qe2 Nc6 11. Rd1 Ne5 12. Bf4 Nfd7 13. Nd4 Rc8 14. Nf3 Bf6 15.
Rac1 a6 16. b3 Qc7 17. Bb1 Nxf3+ 18. Qxf3 Ne5 19. Qe2 O-O 20. Be3 Rfd8 21. Na4
Nd7 22. b4 Bc6 23. b5 Bb7 24. Qd3 Nc5 25. Nxc5 dxc5 26. Qc2 axb5 27. e5 Bxe5
28. Qxh7+ Kf8 29. Qh8+ Ke7 30. Bg5+ Bf6 31. Qxg7 Qe5 32. Bxf6+ Qxf6 33. Qxf6+
Kxf6 34. cxb5 Bd5 35. h4 Rg8 36. g3 Ra8 37. Rd2 Ra4 38. Kh2 Rga8 39. Rc3 R8a5
40. Rb2 Bxa2 41. Bxa2 Rxa2 42. Rcc2 Rxb2 43. Rxb2 Ra4 44. Kg2 Rb4 45. Rc2 Rxb5
46. Kf3 Rb4 47. Ke3 c4 48. Kd4 b5 49. Rc3 Rb2 50. f3 e5+ 51. Ke3 Rg2 52. g4 Rh2
53. h5 Kg5 54. Rc1 Rb2 55. Rh1 Kh6 56. g5+ Kh7 57. Ke4 Re2+ 58. Kf5 Rf2 59. g6+
fxg6+ 60. hxg6+ Kg8 61. Kxe5 Rxf3 62. Kd4 Rb3 63. Rh7 c3 64. Kd3 b4 65. Rc7 Rb2
66. Ke4 Rg2 67. Kf5 c2 68. Rc8+ Kg7 69. Rc7+ Kf8 70. Rc8+ Ke7 71. g7 b3 72. Ke5
Rxg7 73. Rc7+ Kf8 74. Rc8+ Kf7 75. Rc7+ Kg6 76. Rc3 Re7+ 77. Kd4 Re1 0-1

[Event "Championnat de France - Open B"]
[Site "NANCY"]
[Date "2013.08.16"]
[Round "5.8"]
[White "Armas, Lara-Maria"]
[Black "Cartigny, Patrick"]
[Result "1-0"]
[WhiteElo "1946"]
[BlackElo "1889"]
[PlyCount "82"]
[EventDate "2013.??.??"]

1. d4 Nf6 2. c4 c5 3. d5 e6 4. Nc3 exd5 5. cxd5 Bd6 6. e4 O-O 7. Bd3 Re8 8. Be3
Be5 9. Nge2 d6 10. h3 Nbd7 11. O-O a6 12. a4 Bxc3 13. Nxc3 Ne5 14. Bb1 Bd7 15.
Qc2 Qe7 16. Re1 Rab8 17. f3 h5 18. Bf2 g5 19. h4 g4 20. f4 Ng6 21. Bg3 Nh7 22.
Qf2 Qf6 23. e5 dxe5 24. fxe5 Qxf2+ 25. Kxf2 Ne7 26. e6 fxe6 27. Bxb8 Rxb8 28.
dxe6 Bc6 29. Ne4 Rf8+ 30. Kg1 b6 31. Bd3 Rf4 32. Ng3 Nf6 33. Rf1 Rxf1+ 34. Rxf1
Kg7 35. Ne4 Bxe4 36. Bxe4 Neg8 37. Bc2 Kf8 38. a5 b5 39. Be4 Ke7 40. Bb7 Kxe6
41. Bxa6 b4 1-0

[Event "Championnat de France - Open B"]
[Site "NANCY"]
[Date "2013.08.16"]
[Round "5.9"]
[White "Haristoy, Julien"]
[Black "Duhamel, Benoit"]
[Result "0-1"]
[WhiteElo "1866"]
[BlackElo "1942"]
[PlyCount "74"]
[EventDate "2013.??.??"]

1. c4 Nf6 2. g3 e6 3. Bg2 c5 4. Nf3 Nc6 5. Nc3 Be7 6. O-O O-O 7. d4 cxd4 8.
Nxd4 d5 9. cxd5 exd5 10. Bf4 a6 11. Rc1 Qb6 12. Be3 Qa5 13. Nb3 Qb4 14. Nxd5
Nxd5 15. Qxd5 Be6 16. Qe4 Rfc8 17. Qxb4 Nxb4 18. Bxb7 Rxc1 19. Bxa8 Rc2 20. Nd4
Rxb2 21. Nxe6 fxe6 22. Rc1 Rxa2 23. Rc7 Kf8 24. Rxe7 Kxe7 25. Bc5+ Kf7 26. Bxb4
Rxe2 27. Kf1 Rb2 28. Ba3 Ra2 29. Bc5 Rc2 30. Bb6 Rb2 31. Bd4 Rb4 32. Bc3 Rc4
33. Bd2 a5 34. Ke2 a4 35. Kd3 Rc7 36. Bf4 Rc5 37. Bd6 Rc8 0-1

[Event "Championnat de France - Open B"]
[Site "NANCY"]
[Date "2013.08.16"]
[Round "5.10"]
[White "Abdesselem, Ahmed"]
[Black "Roussel, Glenn"]
[Result "1-0"]
[WhiteElo "1864"]
[BlackElo "1926"]
[PlyCount "208"]
[EventDate "2013.??.??"]

1. e4 c5 2. Nf3 a6 3. Be2 b5 4. a4 b4 5. c3 Bb7 6. d3 e6 7. O-O Be7 8. e5 d6 9.
d4 Nc6 10. cxb4 cxb4 11. Be3 dxe5 12. dxe5 Qc7 13. Qc1 Rc8 14. Bf4 h6 15. Nbd2
g5 16. Bg3 g4 17. Nh4 Qd8 18. Nc4 Nd4 19. Qd1 Nxe2+ 20. Qxe2 Rxc4 21. Qxc4 Bxh4
22. Bxh4 Qxh4 23. Qc7 Bd5 24. Rac1 Qd8 25. Qa7 a5 26. Rc7 Ne7 27. Rfc1 Nc6 28.
Qb6 O-O 29. R7xc6 Bxc6 30. Qxc6 Qd4 31. Qc4 Rd8 32. g3 Kf8 33. Qc5+ Qxc5 34.
Rxc5 Rd5 35. Rxd5 exd5 36. f4 gxf3 37. Kf2 Ke7 38. Kxf3 Ke6 39. Kf4 h5 40. h3
b3 41. g4 hxg4 42. hxg4 d4 43. Ke4 d3 44. Kxd3 Kxe5 45. Kc4 Kf4 46. Kb5 Kxg4
47. Kxa5 f5 48. Kb4 f4 49. a5 f3 50. a6 f2 51. a7 f1=Q 52. a8=Q Qd3 53. Qg8+
Kh5 54. Qxb3 Qd4+ 55. Ka3 Kg6 56. Qb7 Kf5 57. b4 Qa1+ 58. Kb3 Qd1+ 59. Kc4 Qe2+
60. Kc5 Qe3+ 61. Kb5 Qd3+ 62. Kb6 Qe3+ 63. Kc7 Qe7+ 64. Kb8 Qe5+ 65. Ka7 Qa1+
66. Qa6 Qd4+ 67. Qb6 Qd7+ 68. Kb8 Qe8+ 69. Kb7 Qd7+ 70. Ka6 Qc8+ 71. Qb7 Qc6+
72. Qb6 Qc8+ 73. Ka5 Qa8+ 74. Kb5 Qe8+ 75. Qc6 Qb8+ 76. Kc5 Qa7+ 77. Kc4 Qa2+
78. Kb5 Qe2+ 79. Kb6 Qh2 80. b5 Qb8+ 81. Ka6 Qg8 82. b6 Qa2+ 83. Kb7 Ke5 84.
Kb8 Kf4 85. b7 Qg8+ 86. Qc8 Qb3 87. Qc6 Qg8+ 88. Kc7 Qg7+ 89. Kb6 Qb2+ 90. Qb5
Qd4+ 91. Ka5 Qd8+ 92. Ka4 Qd1+ 93. Qb3 Qa1+ 94. Kb4 Qe1+ 95. Kc5 Qe7+ 96. Kb6
Qd8+ 97. Ka6 Qd6+ 98. Qb6 Qa3+ 99. Qa5 Qd6+ 100. Ka7 Qd7 101. Qb4+ Kg3 102. Qc4
Qe7 103. Qd3+ Kh4 104. Ka8 Qd8+ 1-0

[Event "Championnat de France - Open B"]
[Site "NANCY"]
[Date "2013.08.18"]
[Round "6.1"]
[White "Joslin, Jerome"]
[Black "Venard, Paul-Andre"]
[Result "0-1"]
[WhiteElo "1980"]
[BlackElo "1933"]
[PlyCount "76"]
[EventDate "2013.??.??"]

1. d4 e6 2. c4 Nf6 3. Nf3 c5 4. d5 b5 5. dxe6 fxe6 6. Nc3 bxc4 7. e4 d5 8. e5
Nfd7 9. h4 Nc6 10. Bf4 Nb6 11. Ng5 Be7 12. Nb5 a6 13. Nd6+ Bxd6 14. exd6 e5 15.
Qh5+ g6 16. Qh6 Qf6 17. Be3 Nd4 18. O-O-O Nf5 19. Nxh7 Qf7 20. Qg5 Rxh7 21. g4
Nd4 22. Qxe5+ Qe6 23. Bxd4 cxd4 24. Qxd4 Qxd6 25. Bg2 Be6 26. Rhe1 O-O-O 27. g5
Rf7 28. Re5 Rfd7 29. Qe3 Bf5 30. f4 Rc7 31. Bh3 c3 32. Bxf5+ gxf5 33. Qd3 cxb2+
34. Kb1 Qc5 35. Qxf5+ Kb8 36. Ree1 Rdc8 37. Qd3 Na4 38. Qb3+ Rb7 0-1

[Event "Championnat de France - Open B"]
[Site "NANCY"]
[Date "2013.08.18"]
[Round "6.2"]
[White "Bornhauser, Eric"]
[Black "Pouchon, Joffrey"]
[Result "0-1"]
[WhiteElo "1950"]
[BlackElo "1917"]
[PlyCount "122"]
[EventDate "2013.??.??"]

1. e4 c5 2. Nf3 d6 3. d4 cxd4 4. Nxd4 Nf6 5. Nc3 a6 6. Bc4 b5 7. Bb3 Bb7 8. O-O
g6 9. Re1 Bg7 10. a4 b4 11. Nd5 O-O 12. Bg5 a5 13. Nxf6+ exf6 14. Bf4 d5 15. e5
fxe5 16. Bxe5 Bxe5 17. Rxe5 Nd7 18. Re3 Re8 19. Qe2 Rxe3 20. Qxe3 Qe8 21. Re1
Qxe3 22. Rxe3 Kf8 23. f3 Nc5 24. Kf2 Re8 25. Rxe8+ Kxe8 26. Ke3 Kd7 27. h4 f6
28. Ne2 Bc6 29. Nf4 Kd6 30. Kd4 g5 31. hxg5 fxg5 32. Nh3 h6 33. f4 g4 34. Nf2
Ne6+ 35. Ke3 d4+ 36. Kd3 Nxf4+ 37. Kxd4 g3 38. Nh1 Ne2+ 39. Ke3 Bxg2 40. Nxg3
Nxg3 41. Kf2 Nf5 42. Kxg2 Nd4 43. Bf7 Nxc2 44. Kf3 Ke5 45. Ke2 Kd4 46. Bg6 Ne3
47. Kd2 Nc4+ 48. Kc2 Ne5 49. Bh5 Nd7 50. Kd2 Nf6 51. Bf3 h5 52. Bg2 Ne4+ 53.
Ke2 h4 54. Bf3 Nc5 55. Bc6 Nd3 56. b3 Nc1+ 57. Kf3 Nxb3 58. Kg4 Nc5 59. Kxh4 b3
60. Be8 b2 61. Bg6 Nd3 0-1

[Event "Championnat de France - Open B"]
[Site "NANCY"]
[Date "2013.08.18"]
[Round "6.3"]
[White "Ruhant, Anthony"]
[Black "Schmit, Vincent"]
[Result "1-0"]
[WhiteElo "1924"]
[BlackElo "1979"]
[PlyCount "121"]
[EventDate "2013.??.??"]

1. e4 e6 2. d4 d5 3. Nd2 Nf6 4. e5 Nfd7 5. c3 c5 6. Bd3 b6 7. f4 Ba6 8. Ndf3
Qc8 9. Ne2 Bxd3 10. Qxd3 Qa6 11. Qd1 g6 12. O-O Nc6 13. a3 Rc8 14. Bd2 Na5 15.
Rc1 Be7 16. g4 h5 17. h3 hxg4 18. hxg4 Nc4 19. Rc2 Kd8 20. Kg2 Kc7 21. Bc1 Rh7
22. Rh1 Rch8 23. Rxh7 Rxh7 24. Neg1 Qc8 25. Qe1 Qh8 26. Qg3 Bh4 27. Nxh4 Rxh4
28. Nf3 Rh1 29. Nh2 Rd1 30. Qf3 Re1 31. Qf2 Re4 32. Nf3 f6 33. b3 Na5 34. Nd2
f5 35. Nxe4 dxe4 36. b4 Nc4 37. dxc5 bxc5 38. Ra2 Qd8 39. Be3 Ndb6 40. Bxc5 e3
41. Bxb6+ axb6 42. Qe2 Qd5+ 43. Kg3 g5 44. Qf3 gxf4+ 45. Qxf4 Nd2 46. Ra1 Ne4+
47. Kh3 Nf2+ 48. Kg3 Ne4+ 49. Kh3 Nf2+ 50. Kh4 Qd8+ 51. Kg3 Ne4+ 52. Kf3 Qd2
53. gxf5 exf5 54. e6+ Kd8 55. Qxf5 Nxc3 56. Qg5+ Kc8 57. Qxe3 Qd5+ 58. Kg3 Ne4+
59. Kf4 Qxe6 60. Qxe4 Qf6+ 61. Qf5+ 1-0